Most Popular Metal Bands - Statistics

General Stats
  • This quiz has been taken 110 times
  • The average score is 5 of 15
Answer Stats
Ranking Band % Correct
2 Metallica
96%
10 Megadeth
74%
1 Slipknot
65%
4 Slayer
63%
15 Korn
59%
9 System of a Down
40%
7 Pantera
36%
8 Rammstein
26%
11 Rage Against the Machine
19%
12 Motley Crue
16%
3 TOOL
15%
5 Lamb of God
13%
6 Ghost
11%
13 Marilyn Manson
11%
14 Fear Factory
1%
No matching quizzes found
Score Distribution
Percent of People with Each Score
Percentile by Number Answered
Your Score History
You have not taken this quiz